Statistiques concernant Iveco Bus et ses Origines

Cliquez ici pour prendre le quiz!

Statistiques générales

  • Ce quiz a été pris 35 fois
    (29 depuis la dernière actualisation)
  • Le résultat moyen est 23 sur 53

Statistiques - réponses

Réponse% Correct
Renault Agora S
83%
Renault Agora L
74%
Irisbus Citelis 12
70%
Iveco Crossway
70%
Iveco Urbanway 12
70%
Iveco Urbanway 18
70%
Irisbus Citelis 18
65%
Irisbus Crossway
65%
Irisbus Citelis Line
61%
Irisbus Créalis 18
61%
Irisbus Agora L
57%
Irisbus Agora S
57%
Irisbus Citelis 10
57%
Irisbus Créalis 12
57%
Iveco Magelys
57%
Irisbus Agora Line
52%
Irisbus Axer
52%
Irisbus Cristalis 12
52%
Irisbus Cristalis 18
52%
Iveco Créalis 18
52%
Iveco Crossway LE
52%
Iveco Daily
52%
Iveco Evadys
52%
Renault R 312
52%
Irisbus Créalis Néo 12
48%
Irisbus Créalis Néo 18
48%
Irisbus Crossway LE
48%
Irisbus Récréo
48%
Renault PR 100
48%
Renault PR 180
48%
Irisbus Ares
43%
Renault SC 10
43%
Irisbus Arway
39%
Irisbus Civis
39%
Irisbus Evadys
39%
Irisbus Magelys
39%
Irisbus New Recréo
39%
Irisbus Illiade
35%
Renault Ares
35%
Renault Iliade
35%
Renault Récréo
35%
Renault Tracer
35%
Irisbus Europolis
30%
Renault FR 1
26%
Renault Cristalis 12
22%
Irisbus Domino
13%
Irisbus Midway
13%
Irisbus Cityclass 12
9%
Irisbus Cityclass 18
9%
Renault S 53
9%
Irisbus Euroclass
4%
Irisbus MyWay
4%
Irisbus Proxys
4%

Distribution des résultats

Percentile par nombre de réponses

% des personnes avec chaque résultat

Votre développement - résultats

Vous n’avez pas pris ce quiz depuis la dernière actualisation